000
00303nam a2200109Ia 4500
008
200302s9999 xx 000 0 und d
100
_a
Henri Stierlin
245
_a
The Roman Empire From The Etruscans to the Decline of the Roman Empire
260
_b
Taschen Verlag Gmbh
260
_c
1996
300
_a
240 P.,
999
_c
932
_d
932